Statistiques concernant Pokémon de 100,0 à 149,9 kg

Cliquez ici pour prendre le quiz!

Statistiques générales

  • Ce quiz a été pris 31 fois
    (4 depuis la dernière actualisation)
  • Le résultat moyen est 37 sur 75

Statistiques - réponses

Poids (en kg)Pokémon% Correct
120,0Galegon
100%
105,0Gravalanch
100%
110,0Gravalanch d'Alola
100%
118,0Cizayox
75%
102,6Drattak
75%
138,6Élekable
75%
100,0Florizarre
75%
130,0Mackogneur
75%
125,0Méga-Cizayox
75%
110,5Méga-Dracaufeu X
75%
100,5Méga-Dracaufeu Y
75%
112,6Méga-Drattak
75%
102,0Méga-Laggron
75%
100,5Méganium
75%
130,3Méga-Sharpedo
75%
101,1Méga-Tortank
75%
130,5Monaflèmit
75%
110,0Noacier
75%
115,0Rhinocorne
75%
120,0Rhinoféros
75%
110,0Tauros de Paldea (Race Aquatique)
75%
115,0Tauros de Paldea (Race Combative)
75%
105,5Tranchodon
75%
130,0Wailmer
75%
149,5Bastiodon
50%
100,0Câblifère
50%
100,0Charibari
50%
102,5Charkos
50%
140,0Coudlangue
50%
120,0Darumacho de Galar
50%
120,0Donphan
50%
125,8Foretress
50%
102,0Géolithe
50%
105,0Goinfrex
50%
148,0Hexagel
50%
107,9Kaorine
50%
120,0Lunala
50%
100,0Méga-Kangourex
50%
127,0Méga-Mewtwo X
50%
122,0Mewtwo
50%
136,0Pandarbare
50%
105,0Shifours
50%
110,0Tiboudet
50%
115,5Torgamord
50%
100,0Tropius
50%
125,8Ursaring
50%
110,0Zacian (Forme Héros Aguerri)
50%
105,0Amassel
25%
113,0Ampibidou
25%
135,5Blizzaroi
25%
128,6Bouldeneu
25%
135,0Chelours
25%
132,5Crustabri
25%
110,5Drackhaus
25%
139,0Drakkarmin
25%
112,8Forgelina
25%
120,0Fragroin
25%
120,0Lamantine
25%
120,0Méga-Flagadoss
25%
107,3Miasmax
25%
135,0Moyade
25%
120,0Noadkoko
25%
106,6Noctunoir
25%
117,0Palarticho
25%
110,0Paragruel
25%
145,0Regieleki
25%
108,0Sarmuraï
25%
120,0Scalpereur
25%
120,0Scolocendre
25%
100,5Silvallié
25%
108,0Spiritomb
25%
111,0Têtes-de-Fer
25%
120,5Type:0
25%
125,0Vert-de-Fer
25%
120,0Vrombotor
25%

Distribution des résultats

Percentile par nombre de réponses

% des personnes avec chaque résultat

Votre développement - résultats

Vous n’avez pas pris ce quiz depuis la dernière actualisation